| 000 | 00545nam a22001817a 4500 | ||
|---|---|---|---|
| 005 | 20260416154704.0 | ||
| 008 | 260416b |||||||| |||| 00| 0 eng d | ||
| 020 | _a978-0-865-42078-6 | ||
| 050 | _aQE 534.3 .S74 2003 | ||
| 100 | _aSTEIN, SETH | ||
| 245 | _aAN INTRODUCTION TO SEISMOLOGY, EARTHQUAKES AND EARTH STRUCTURE. | ||
| 260 |
_aUSA _bBLACKWELL PUBLISHING, _c2003 |
||
| 300 | _aX, 498 P ILL | ||
| 500 | _aINCLUDES INDEX AND BIBLIOGRAPHICAL REFERENCES. | ||
| 650 | _aEARTHQUAKES | ||
| 700 | _aWYSESSION, MICHAEL. | ||
| 942 |
_2lcc _cBK |
||
| 999 |
_c216992 _d216992 |
||